| 000 | 00690nam a2200205Ia 4500 | ||
|---|---|---|---|
| 003 | GCL | ||
| 008 | 140319s9999 xx 000 0 ara d | ||
| 040 |
_aGCL / _cGCL |
||
| 082 | 0 | 4 |
_a953 _bا ت |
| 100 | 1 | _aابراهيم احمد العدوى | |
| 245 | 1 | 0 |
_aتاريخ العالم الاسلامى: عصر التنمية والعطاء ج2 / _cابراهيم احمد العدوى |
| 260 |
_a[S.N] : _bمكتبة الانجلوالمصرية ، _c1984 |
||
| 300 | _a339 ص | ||
| 490 | _a | ||
| 650 | 0 | 4 | _aتاريخ |
| 650 | 0 | 4 | _aالاحوال الاقتصادية |
| 650 | 0 | 4 | _aالتنمية الاقتصادية |
| 650 | 0 | 4 | _aالعالم الاسلامى |
| 942 |
_2ddc _cBK |
||
| 999 |
_c31794 _d31794 |
||